<?xml version="1.0" encoding="UTF-8"?>
<record
    xmlns:xsi="http://www.w3.org/2001/XMLSchema-instance"
    xsi:schemaLocation="http://www.loc.gov/MARC21/slim http://www.loc.gov/standards/marcxml/schema/MARC21slim.xsd"
    xmlns="http://www.loc.gov/MARC21/slim">

  <leader>01263nam a22002417a 4500</leader>
  <datafield tag="999" ind1=" " ind2=" ">
    <subfield code="c">58166</subfield>
    <subfield code="d">58166</subfield>
  </datafield>
  <controlfield tag="003">Ge_BSU</controlfield>
  <controlfield tag="005">20210719120329.0</controlfield>
  <controlfield tag="008">210719s2019    ge ||||| |||| 00| 0 geo d</controlfield>
  <datafield tag="020" ind1=" " ind2=" ">
    <subfield code="a">9789941816284</subfield>
  </datafield>
  <datafield tag="041" ind1=" " ind2=" ">
    <subfield code="a">geo</subfield>
  </datafield>
  <datafield tag="080" ind1=" " ind2=" ">
    <subfield code="a">323.173(479.22:479.225) &#x10D5;-19</subfield>
  </datafield>
  <datafield tag="100" ind1=" " ind2=" ">
    <subfield code="a">&#x10D5;&#x10D0;&#x10D3;&#x10D0;&#x10ED;&#x10D9;&#x10DD;&#x10E0;&#x10D8;&#x10D0;, &#x10E8;&#x10DD;&#x10D7;&#x10D0;</subfield>
    <subfield code="9">5487</subfield>
  </datafield>
  <datafield tag="245" ind1=" " ind2=" ">
    <subfield code="a">"&#x10DD;&#x10E1;&#x10D7;&#x10D0; &#x10D2;&#x10D4;&#x10DC;&#x10DD;&#x10EA;&#x10D8;&#x10D3;&#x10D8;&#x10E1;" &#x10E1;&#x10D0;&#x10D9;&#x10D8;&#x10D7;&#x10EE;&#x10D8; &#x10D3;&#x10D0; 1918-1925 &#x10EC;&#x10DA;&#x10D4;&#x10D1;&#x10D8;&#x10E1; &#x10D8;&#x10E1;&#x10E2;&#x10DD;&#x10E0;&#x10D8;&#x10E3;&#x10DA;&#x10D8; &#x10DB;&#x10DD;&#x10D5;&#x10DA;&#x10D4;&#x10DC;&#x10D4;&#x10D1;&#x10D8;&#x10E1; &#x10E1;&#x10D8;&#x10DC;&#x10D0;&#x10DB;&#x10D3;&#x10D5;&#x10D8;&#x10DA;&#x10D4; /</subfield>
    <subfield code="c">&#x10E8;&#x10DD;&#x10D7;&#x10D0; &#x10D5;&#x10D0;&#x10D3;&#x10D0;&#x10ED;&#x10D9;&#x10DD;&#x10E0;&#x10D8;&#x10D0; ; &#x10E0;&#x10D4;&#x10D3;&#x10D0;&#x10E5;&#x10E2;&#x10DD;&#x10E0;&#x10D8; &#x10D6;&#x10E3;&#x10E0;&#x10D0;&#x10D1; &#x10EE;&#x10DD;&#x10DC;&#x10D4;&#x10DA;&#x10D8;&#x10EB;&#x10D4;.</subfield>
  </datafield>
  <datafield tag="264" ind1=" " ind2=" ">
    <subfield code="a">&#x10D7;&#x10D1;&#x10D8;&#x10DA;&#x10D8;&#x10E1;&#x10D8;, </subfield>
    <subfield code="c">2019.</subfield>
  </datafield>
  <datafield tag="300" ind1=" " ind2=" ">
    <subfield code="a">82 &#x10D2;&#x10D5;. ;</subfield>
    <subfield code="b"> 20 &#x10E1;&#x10DB;.</subfield>
  </datafield>
  <datafield tag="500" ind1=" " ind2=" ">
    <subfield code="a">&#x10D7;&#x10D0;&#x10D5;&#x10E4;&#x10E3;&#x10E0;&#x10EA;&#x10D4;&#x10DA;&#x10D6;&#x10D4;: &#x10D0;&#x10D5;&#x10E2;&#x10DD;&#x10E0;&#x10D8;&#x10E1; &#x10DB;&#x10D8;&#x10DC;&#x10D0;&#x10EC;&#x10D4;&#x10E0;&#x10D8;.</subfield>
  </datafield>
  <datafield tag="501" ind1=" " ind2=" ">
    <subfield code="a">&#x10D3;&#x10D0;&#x10D8;&#x10D1;&#x10D4;&#x10ED;&#x10D3;&#x10D0; &#x10D0;&#x10D5;&#x10E2;&#x10DD;&#x10E0;&#x10D8;&#x10E1; &#x10EE;&#x10D0;&#x10E0;&#x10EF;&#x10D8;&#x10D7;.</subfield>
  </datafield>
  <datafield tag="504" ind1=" " ind2=" ">
    <subfield code="a">&#x10D1;&#x10D8;&#x10D1;&#x10DA;&#x10D8;&#x10DD;&#x10D2;&#x10E0;&#x10D0;&#x10E4;&#x10D8;&#x10D0;: &#x10D2;&#x10D5;. 55-57.</subfield>
  </datafield>
  <datafield tag="520" ind1=" " ind2=" ">
    <subfield code="a">&#x10E0;&#x10D4;&#x10D6;&#x10D8;&#x10E3;&#x10DB;&#x10D4; &#x10D8;&#x10DC;&#x10D2;&#x10DA;&#x10D8;&#x10E1;&#x10E3;&#x10E0; &#x10D4;&#x10DC;&#x10D0;&#x10D6;&#x10D4;.</subfield>
  </datafield>
  <datafield tag="653" ind1=" " ind2=" ">
    <subfield code="a">&#x10E5;&#x10D0;&#x10E0;&#x10D7;&#x10E3;&#x10DA;-&#x10DD;&#x10E1;&#x10E3;&#x10E0;&#x10D8; &#x10D9;&#x10DD;&#x10DC;&#x10E4;&#x10DA;&#x10D8;&#x10E5;&#x10E2;&#x10D8;.</subfield>
  </datafield>
  <datafield tag="700" ind1=" " ind2=" ">
    <subfield code="a">&#x10EE;&#x10DD;&#x10DC;&#x10D4;&#x10DA;&#x10D8;&#x10EB;&#x10D4;, &#x10D6;&#x10E3;&#x10E0;&#x10D0;&#x10D1;</subfield>
    <subfield code="e">&#x10E0;&#x10D4;&#x10D3;&#x10D0;&#x10E5;&#x10E2;&#x10DD;&#x10E0;&#x10D8;</subfield>
    <subfield code="9">5500</subfield>
  </datafield>
  <datafield tag="942" ind1=" " ind2=" ">
    <subfield code="2">udc</subfield>
    <subfield code="c">BK</subfield>
  </datafield>
  <datafield tag="952" ind1=" " ind2=" ">
    <subfield code="0">0</subfield>
    <subfield code="1">0</subfield>
    <subfield code="2">udc</subfield>
    <subfield code="4">0</subfield>
    <subfield code="6">32317347922479225_&#x10D5;12</subfield>
    <subfield code="7">0</subfield>
    <subfield code="9">90550</subfield>
    <subfield code="a">CPL</subfield>
    <subfield code="b">CPL</subfield>
    <subfield code="c">GEN</subfield>
    <subfield code="d">2021-07-19</subfield>
    <subfield code="g">5.00</subfield>
    <subfield code="o">323.173(479.22:479.225) &#x10D5;-12</subfield>
    <subfield code="p">61480</subfield>
    <subfield code="r">2021-07-19</subfield>
    <subfield code="t">61480</subfield>
    <subfield code="w">2021-07-19</subfield>
    <subfield code="y">BK</subfield>
    <subfield code="z">5 &#x10DA;.</subfield>
  </datafield>
</record>
